Devine le club de football avec 3 indices - Statistiques

Statistiques générales
  • Ce quiz a été pris 534 fois
  • Le résultat moyen est 10 sur 15
Statistiques - réponses
Rival Nombre trophée européen Surnom Club % Correct
Inter Milan 14 Rossoneri AC Milan
99%
PSG 1 Phoceens OM
98%
Liverpool 6 Red Devils Manchester united
96%
Barcelone 21 Los Blancos Real Madrid
91%
OL 0 Les verts Saint-Etienne
91%
TSV 1860 Munich 9 Die Roten Bayern Munich
87%
Porto 2 Águias Encarnados Benfica
80%
Feyenoord 8 Les Ajacides Ajax
69%
Celtic Glasgow 1 Les Gers Rangers
63%
AS Rome 1 Gli Azzurri Naples
38%
Dortmund 1 Königsblauen Schalke 04
33%
Anderlecht 0 Rouches Standard de Liège
32%
Union Berlin 0 Die Alte Dame Hertha Berlin
30%
Partizan Belgrade 1 L'étoile Etoile rouge Belgrade
25%
Club Brugge 0 Les buffalos Kaa Gent
20%
Aucun quiz correspondant
Distribution des résultats
% des personnes avec chaque résultat
Percentile par nombre de réponses
Votre historique - résultats
Vous n’avez pas pris ce quiz